000 00655nam a22001577a 4500
003 OSt
005 20151120161325.0
008 151120b xxu||||| |||| 00| 0 eng d
040 _cRUA
082 _aFIS PRO 1996 B164 Or.1
100 _93970
_aPROUM, KIM HOR.
245 _aStudy on the culture of indigenous species with emphasis on catlocarpio siamensis, ការសិក្សាលើការចិញ្ចឹមប្រភេទត្រីក្នុងស្រុកដោយសង្កត់ធ្ងន់ទៅលើត្រីគល់រាំង
260 _aPhnom Penh
_bRUA
_c1996
300 _a90p.
_bill.
_c29cm.
942 _2ddc
_cFIS
999 _c3691
_d3691